000 00790nam a22002417a 4500
005 20170124110015.0
010 _aA-778986
020 _c00.00
_a8170247489
035 _aA-778986
037 _bCen Lib/Ret
040 _aDPL
_bEN
082 _a338.47910954
_bPRO
245 _aProfiles in indian tourism /
_cedited by shalini Singh [and] Tejvir Singh
260 _bAPH Publishing Corporation
_c1996
_aNew Delhi
270 _bNew Delhi
_a5, asari road, dariya ganj
_e110002
300 _axiii, 215p.
_c21cm(Hb)
500 _aIncludes bibliographical references and index
650 _aTourism
_918517
650 _aTourism
_xGovernment policy
_918518
700 _aSingh, Shalini
_91508
700 _aTejvir Singh
_918519
942 _2ddc
_cEN
_h338.47910954
_mPRO
999 _c126799
_d126799